[Event "Olympiad Women 2024"]
[Site "Budapest HUN"]
[Date "2024.09.20"]
[Round "9.34"]
[Board "2"]
[White "Abarca Gonzalez, Damaris"]
[Black "Toth, Lili"]
[Result "1/2-1/2"]
[WhiteElo "1991"]
[BlackElo "2105"]
[PlyCount "94"]
[EventDate "2024.09.11"]
[WhiteTeam "Chile"]
[BlackTeam "Hungary C"]
[WhiteTeamCountry "CHI"]

1. e4 e5 2. Nf3 Nc6 3. Bc4 Nf6 4. d3 Bc5 5. c3 a6 6. O-O d6 7. Bb3 Ba7 8. Nbd2 O-O 9. Re1 Ng4 10. Rf1 Kh8 11. h3 f5 ({RR} 11... Nh6 12. Nc4 f5 13. Bg5 Qe8 14. Ne3 Ne7 15. Nh4 f4 16. Bxh6 gxh6 17. Nd5 Nxd5 18. Bxd5 c6 19. Bb3 Qe7 20. Nf3 Qg7 21. Kh2 Bd7 22. Qe2 Rae8 23. Rad1 Re7 24. d4 exd4 25. cxd4 Bf5 26. e5 {0-1 Sedlmayr,D (1965)-Proudian,A (2431) III Niteroi Chess Open 2023 (2.7)}) ({RR} 11... Nh6 12. Nc4 f5 13. Qe2 Qf6 14. Bxh6 Qxh6 15. Ncd2 f4 16. Nh2 Bd7 17. Bd5 Nd8 18. b4 c6 19. Bb3 Ne6 20. Bxe6 Bxe6 21. a4 Qf6 22. Kh1 a5 23. Nc4 axb4 24. cxb4 Bd4 25. Ra3 b5 26. Na5 {0-1 Abarca Gonzalez,D (1649)-Atalik,E (2453) Online Olym Div2 D rapid 2020 (6.3)}) 12. exf5 Nh6 13. g4 $146 ({RR} 13. Nc4 Nxf5 14. Ne3 Nh4 15. Bd5 Ng6 16. Be4 Nf4 17. Nd5 Nxd5 18. Bxd5 Ne7 19. Bb3 Qe8 20. Kh1 Qh5 21. Ng5 Qxd1 22. Rxd1 h6 23. Nf7+ Kh7 24. f4 exf4 25. Bxf4 d5 26. Bxc7 Rxf7 27. d4 Bf5 {½-½ Romanov,S (2119)-Eliseev,U (2311) Moscow-ch sf 2010 (2)}) 13... Nxf5 14. Ne4 Nh4 15. Nxh4 Qxh4 16. Kg2 h6 17. Be3 Ne7 18. d4 Ng6 19. Bc2 Qe7 20. Ng3 Nh4+ 21. Kh1 Be6 22. d5 Bxe3 23. fxe3 Rxf1+ 24. Nxf1 Bg8 25. Be4 Rf8 26. Qe2 Qf6 27. Kg1 Nf3+ 28. Bxf3 Qxf3 29. Qxf3 Rxf3 30. c4 Rxh3 31. Kg2 Rh4 32. Kg3 g5 33. Nh2 h5 34. Rf1 hxg4 35. Nxg4 Kg7 36. Rf5 Rh5 37. Rf1 Bf7 38. Nf6 Rh4 39. b3 Bg6 40. Nd7 Re4 41. Nf8 Bh5 42. Ne6+ Kg6 43. Kf2 Rh4 44. Nxc7 Kf5 45. Kg3+ Ke4 46. c5 Kxe3 47. cxd6 Rg4+ 1/2-1/2

[Event "Olympiad Women 2024"]
[Site "Budapest HUN"]
[Date "2024.09.20"]
[Round "9.34"]
[Board "3"]
[White "Gombocz, Zsofia"]
[Black "Morales Flores, Monserrat"]
[Result "1-0"]
[WhiteElo "2061"]
[BlackElo "1938"]
[PlyCount "61"]
[EventDate "2024.09.11"]
[WhiteTeam "Hungary C"]
[BlackTeam "Chile"]
[BlackTeamCountry "CHI"]

1. e4 c5 2. Nf3 e6 3. b3 Nc6 4. Bb2 d6 5. d4 cxd4 6. Nxd4 Nf6 7. Bd3 Be7 8. O-O O-O 9. Nxc6 bxc6 10. e5 dxe5 11. Bxe5 c5 ({RR} 11... a5 12. a4 Ba6 13. Bxa6 Rxa6 14. Qe2 Ra8 15. Rd1 Qb6 16. Nd2 Rfd8 17. Nc4 Qa7 18. Rxd8+ Rxd8 19. Bc3 Rd5 20. Qe1 Ng4 21. Ne3 Nxe3 22. Qxe3 Qxe3 23. fxe3 Bf6 24. Bxf6 gxf6 25. Rf1 Rd2 26. Rf2 {½-½ Catanzaro,C (1932)-Cheah,K (1991) 15th Dolomiti Open 2024 (8.18)}) 12. Qe2 Bb7 13. Nc3 $146 ({RR} 13. Nd2 Nd7 14. Bb2 Bf6 15. Bxf6 Nxf6 16. Rad1 Qd5 17. Nf3 Qh5 18. Ne5 Qxe2 19. Bxe2 Rfd8 20. Rxd8+ Rxd8 21. Rd1 Rxd1+ 22. Bxd1 Be4 23. f3 Bf5 24. Kf2 Nd5 25. a3 Nc3 26. Ke1 Nb5 27. a4 Nd6 {½-½ Michalek,F (2078)-Jezbera,J (2190) CZE-chT2C 1011 2010 (1.8)}) ({RR} 13. Rd1 Qc8 14. Na3 Rd8 15. Nc4 Nd5 16. Na5 Bf6 17. c4 Nc3 18. Bxc3 Bxc3 19. Bxh7+ Kxh7 20. Rxd8 Qxd8 21. Nxb7 Qc7 22. Rc1 Qxb7 23. Rxc3 Kg8 24. Rh3 Qb4 25. Rd3 Qa5 26. Qd2 Qc7 27. f4 Rc8 {1-0 Varga,Z (2455)-Federic,J (2299) SVK-chT 1213 2012 (9.5)}) 13... Qb6 14. Rad1 Qc6 15. f3 Rad8 16. Kh1 a6 17. Ne4 Nd7 18. Bb2 Nb6 19. Ng3 Nd5 20. Nh5 f6 21. Qf2 Qe8 22. Qh4 f5 23. Qg3 Qg6 24. Qe5 Rf7 25. Nf4 Qh6 26. Nxd5 Bd6 27. Bc1 Qh5 28. Nf4 Qh4 29. Qxe6 Bxf4 30. Bxf4 Qxf4 31. Bc4 1-0

[Event "Olympiad Women 2024"]
[Site "Budapest HUN"]
[Date "2024.09.20"]
[Round "9.34"]
[Board "4"]
[White "Romero Troncoso, Liset Anais"]
[Black "Nandin-Erdene, Davaademberel"]
[Result "1/2-1/2"]
[WhiteElo "1834"]
[BlackElo "2039"]
[PlyCount "178"]
[EventDate "2024.09.11"]
[WhiteTeam "Chile"]
[BlackTeam "Hungary C"]
[WhiteTeamCountry "CHI"]

1. e4 c6 2. d4 d5 3. exd5 cxd5 4. Bd3 Nc6 5. c3 g6 6. Bf4 Nh6 7. Nf3 Bf5 8. O-O Bxd3 9. Qxd3 Bg7 10. Nbd2 O-O 11. Ne5 Nf5 12. Nxc6 bxc6 13. Rfe1 Qb6 $146 ({RR} 13... e6 14. Be5 Qb6 15. Bxg7 Kxg7 16. b4 a5 17. a3 Qb5 18. Qxb5 cxb5 19. Nb3 a4 20. Nc5 Nd6 21. Kf1 Nc4 22. f4 h6 23. Ke2 g5 24. Kf3 Ra7 25. g3 Kg6 26. g4 h5 27. gxh5+ Kxh5 28. fxg5 {1-0 Lafkidis,A (1483)-Tsakona,M (1576) EU-ch Amateur Online 1400/1700 rapid 2021 (4)}) 14. Nb3 Rfe8 15. Qc2 Rad8 16. Re2 a5 17. Rae1 a4 18. Nc5 Bxd4 19. cxd4 Nxd4 20. Qc3 Nxe2+ 21. Rxe2 d4 22. Qa3 Qb5 23. Rd2 Rd5 24. Nxa4 e5 25. Bg3 e4 26. b3 e3 27. fxe3 Rf5 28. Rf2 Rxf2 29. Bxf2 dxe3 30. Be1 e2 31. Qc5 Qd3 32. Nc3 Re6 33. Qf2 Re5 34. a4 c5 35. a5 Qd4 36. a6 Re7 37. a7 Qxf2+ 38. Kxf2 Rxa7 39. Nxe2 Rb7 40. Nc1 f5 41. Ke2 Re7+ 42. Kd2 Rc7 43. Kc3 g5 44. Bf2 f4 45. Nd3 h5 46. Bxc5 g4 47. b4 g3 48. hxg3 fxg3 49. Nf4 h4 50. Kd3 Kf7 51. Ke4 Ke8 52. Kf3 Rg7 53. b5 Kd7 54. b6 Kc6 55. Be3 Rg8 56. Ke4 Re8+ 57. Kf3 Rg8 58. Nh3 Kb7 59. Bg5 Rf8+ 60. Kg4 Rf2 61. Nf4 Kxb6 62. Bxh4 Ra2 63. Kf3 Ra3+ 64. Kg4 Ra2 65. Bf6 Ra3 66. Ne2 Ra2 67. Kf3 Ra3+ 68. Bc3 Kc5 69. Kxg3 Kc4 70. Kf3 Kd3 71. Be5 Kd2+ 72. Kf2 Ra8 73. Bf4+ Kd3 74. Nc1+ Ke4 75. Ne2 Ra2 76. Ke1 Rxe2+ 77. Kxe2 Kxf4 78. Kf2 Kg4 79. g3 Kg5 80. Kf3 Kf5 81. g4+ Kg5 82. Kg3 Kg6 83. Kf4 Kf6 84. g5+ Kg6 85. Kg4 Kg7 86. Kf5 Kf7 87. g6+ Kg7 88. Kg5 Kg8 89. Kh5 Kg7 1/2-1/2

[Event "Olympiad Women 2024"]
[Site "Budapest HUN"]
[Date "2024.09.20"]
[Round "9.35"]
[Board "1"]
[White "Stojkovska, Monika"]
[Black "Timergazi, Layla"]
[Result "1-0"]
[WhiteElo "2043"]
[BlackElo "1979"]
[PlyCount "129"]
[EventDate "2024.09.11"]
[WhiteTeam "North Macedonia"]
[BlackTeam "New Zealand"]
[BlackTeamCountry "NZL"]

1. e4 c6 2. d4 d5 3. e5 Bf5 4. Nf3 e6 5. Be2 Nd7 6. O-O Qb6 ({RR} 6... Bg4 7. Ng5 Bxe2 8. Qxe2 h6 9. Nh3 Ne7 10. c3 c5 11. Be3 Nf5 12. g4 Nxe3 13. fxe3 g5 14. Nd2 Bg7 15. Rf2 O-O 16. Nf1 f6 17. exf6 Nxf6 18. Ng3 Qe7 19. Raf1 a6 20. Rf3 Bh8 21. Nf2 {½-½ Becerra Rivero,J (2569)-Ehlvest,J (2599) New York Masters 92nd rapid 2004 (4)}) 7. Nbd2 ({RR} 7. c4 Ne7 8. c5 Qc7 9. Nc3 h6 10. Bd2 f6 11. Bf4 Ng6 12. Bg3 fxe5 13. Bd3 Kf7 14. Bxf5 exf5 15. dxe5 f4 16. Nxd5 cxd5 17. Qxd5+ Ke7 18. Bh4+ Nxh4 19. Nxh4 Qxc5 20. Ng6+ Kd8 21. Qxc5 Bxc5 {½-½ Mendonca,E (1756)-Arnosti,M 9th Floripa Open 2023 (4.149)}) 7... c5 8. Nh4 $146 ({RR} 8. c3 Ne7 9. Qa4 Nc6 10. Re1 Be7 11. Nf1 O-O 12. Ng3 Bg6 13. a3 c4 14. Nf1 Rfd8 15. g4 Na5 16. N1d2 Qa6 17. b4 b5 18. Qxa5 Qb7 19. Nb3 Bc2 20. Nc5 Nxc5 21. bxc5 Bb3 22. a4 Bxa4 {½-½ Martin,J (1936)-Maresic,J (1672) EU-ch U12 23rd 2013 (1)}) ({RR} 8. c3 Ne7 9. Nb3 Nc6 10. Be3 c4 11. Nbd2 Qxb2 12. Qc1 Qxc1 13. Rfxc1 Ba3 14. Rf1 Bb2 15. Rae1 Bxc3 16. Kh1 Be4 17. Ng5 Bg6 18. Ngf3 h6 19. Rc1 Bb2 20. Rce1 a6 21. Nb1 c3 22. Bc1 c2 {0-1 Gonzalez Fernandez,J-Zanabili Al Sibbai,A Asturias Segunda op 1995}) ({RR} 8. c4 Ne7 9. Nb3 dxc4 10. dxc5 Nxc5 11. Nxc5 Qxc5 12. Be3 Qc7 13. Qa4+ Qc6 14. Qxc4 Qxc4 15. Bxc4 a6 16. Rac1 Be4 17. Nd2 Bc6 18. f4 Nf5 19. Bb6 Bb4 20. Rf2 O-O 21. a3 Bxd2 22. Rxd2 Ne7 {½-½ Puehn,G (1870)-Kriener,P (1669) Mittelfranken-chTB2a 1718 2017 (6.7)}) 8... Bg6 9. c4 Ne7 10. Nxg6 hxg6 11. dxc5 Nxc5 12. Nf3 Rd8 13. Qc2 Nc6 14. cxd5 Nb4 15. Qc4 Nxd5 16. Qb5+ Qxb5 17. Bxb5+ Nd7 18. Bg5 Be7 19. Rac1 Bxg5 20. Nxg5 Rh5 21. Ne4 Rxe5 22. Nc5 N5f6 23. Rfd1 Ke7 24. Bxd7 Nxd7 25. Nxb7 Rb8 26. Rc7 Rd5 27. Rxd5 exd5 28. b3 a6 29. Nc5 Kd6 30. Nxd7 Re8 31. Rc1 Kxd7 32. Kf1 Kd6 33. f3 Re6 34. Rc8 Ke5 35. Ke2 Kd4+ 36. Kd2 g5 37. Rf8 Rf6 38. Rb8 g6 39. Rb4+ Kc5 40. Rg4 Rf5 41. Kd3 Re5 42. Ra4 Re6 43. Ra5+ Kb4 44. Rxd5 f6 45. Rd4+ Kc5 46. Rc4+ Kd5 47. Rc8 Re1 48. Rg8 Rd1+ 49. Kc3 Ke5 50. Ra8 Rd6 51. b4 Kd5 52. a4 Rc6+ 53. Kb3 Rd6 54. Rc8 Rb6 55. Kc3 f5 56. Rc5+ Kd6 57. Kc4 Kd7 58. b5 axb5+ 59. Rxb5 Re6 60. Rb2 Kc6 61. a5 Re1 62. Rb6+ Kc7 63. Rxg6 Ra1 64. Kb5 Rb1+ 65. Ka6 1-0

[Event "Olympiad Women 2024"]
[Site "Budapest HUN"]
[Date "2024.09.20"]
[Round "9.35"]
[Board "2"]
[White "Zhang, Jasmine Haomo"]
[Black "Manova, Ivana"]
[Result "0-1"]
[WhiteElo "1956"]
[BlackElo "2031"]
[PlyCount "86"]
[EventDate "2024.09.11"]
[WhiteTeam "New Zealand"]
[BlackTeam "North Macedonia"]
[WhiteTeamCountry "NZL"]

1. d4 Nf6 2. Bf4 c6 3. Nd2 ({RR} 3. e3 Qb6 4. Qc1 Nh5 5. Bg3 Nxg3 6. hxg3 g6 7. Nf3 Bg7 8. c3 d6 9. Nbd2 Nd7 10. Qc2 Qc7 11. Be2 e5 12. dxe5 Nxe5 13. Nxe5 dxe5 14. e4 O-O 15. O-O h5 16. a4 Bh6 17. Bc4 Bg4 {1-0 Esipenko,A (2609)-Antipov,M (2593) RUS-ch blitz 2018 (7.4)}) 3... Qb6 4. Nb3 d6 $146 ({RR} 4... a5 5. a4 d6 6. e3 Be6 7. Nf3 Bxb3 8. cxb3 Qb4+ 9. Nd2 Ne4 10. Bd3 Nxd2 11. Qxd2 Qxb3 12. O-O g6 13. Rfb1 Bg7 14. Ra3 Qb4 15. Qc2 Qb6 16. Bg5 Na6 17. Bf1 Nb4 18. Qd2 Qc7 19. Rd1 {0-1 Gubajdullin,A (2344)-Antipov,M (2589) Titled Tuesday intern op 2nd Febr blitz 2019 (4)}) ({RR} 4... a5 5. a4 d5 6. e3 Bf5 7. Nf3 Nbd7 8. h3 e6 9. Be2 Be7 10. O-O O-O 11. Nfd2 c5 12. dxc5 Nxc5 13. Nxc5 Qxc5 14. c4 Rfd8 15. Qb3 Qb4 16. Qxb4 Bxb4 17. Nf3 dxc4 18. Bxc4 Rac8 19. b3 {1-0 Flores Quillas,D (2431)-Murawski,J (1987) Titled Tue 28th May Early 2024 (1)}) ({RR} 4... a5 5. a4 d6 6. Nf3 Na6 7. Nfd2 d5 8. e3 Bf5 9. c3 e6 10. Be2 Be7 11. O-O O-O 12. Re1 Bg6 13. h3 Rfc8 14. Bf1 Nb8 15. Ra2 Nbd7 16. c4 Nb8 17. c5 Qd8 18. Nf3 Nfd7 19. Nbd2 {1-0 Gubajdullin,A (2343)-Antipov,M (2591) Moscow-ch rapid 2020 (4)}) ({RR} 4... d5 5. e3 Bg4 6. Nf3 e6 7. h3 Bf5 8. Nh4 Be4 9. f3 Bg6 10. a4 a5 11. Nxg6 hxg6 12. Bd3 Nbd7 13. O-O Be7 14. Kh1 Nh5 15. Bh2 Bh4 16. c4 Bg3 17. cxd5 exd5 18. f4 Kf8 19. Rf3 {½-½ Joukl,Z (2108)-Sloth,J (2312) Wch Seniors 65 26th 2016 (4)}) 5. e3 g6 6. c3 Bg7 7. h3 O-O 8. Bd3 Nd5 9. Bg3 e5 10. Nf3 Re8 11. dxe5 dxe5 12. Bc4 Be6 13. Qe2 Nd7 14. Ng5 Nc7 15. Nxe6 Nxe6 16. Bxe6 Rxe6 17. Rd1 Nf8 18. O-O Ree8 19. Rd6 Rad8 20. Rfd1 Ne6 21. Rxd8 Rxd8 22. Rxd8+ Qxd8 23. Qd2 Kf8 24. Kf1 Qd5 25. Qxd5 cxd5 26. Ke2 Ke7 27. f3 b6 28. Kd3 Kd7 29. Nc1 Nc5+ 30. Kc2 e4 31. Nb3 Ne6 32. Nd4 Bxd4 33. cxd4 exf3 34. gxf3 Ng5 35. h4 Nxf3 36. Kd3 g5 37. h5 g4 38. e4 Ke6 39. b4 b5 40. e5 Kf5 41. Ke3 Ng5 42. Bh4 Ne4 43. Be7 a6 0-1

[Event "Olympiad Women 2024"]
[Site "Budapest HUN"]
[Date "2024.09.20"]
[Round "9.35"]
[Board "3"]
[White "Zhezhovska, Monika"]
[Black "Ning, Isabelle Yixuan"]
[Result "1-0"]
[WhiteElo "2106"]
[BlackElo "1915"]
[PlyCount "117"]
[EventDate "2024.09.11"]
[WhiteTeam "North Macedonia"]
[BlackTeam "New Zealand"]
[BlackTeamCountry "NZL"]

1. d4 {ChessBase II} Nf6 2. c4 g6 3. Nc3 Bg7 4. e4 d6 5. Be2 O-O 6. Be3 e5 7. d5 Na6 8. g4 Nc5 9. f3 h5 ({RR} 9... a5 10. h4 h5 11. g5 Nh7 12. Qd2 f6 13. gxf6 Rxf6 14. O-O-O Bd7 15. Nh3 Qe7 16. Rdg1 Raf8 17. Kb1 Qe8 18. Rg3 b6 19. Rhg1 Kh8 20. Nb5 Qc8 21. Ng5 Na6 22. a3 a4 23. Bd1 Nc5 24. Qg2) 10. g5 Nh7 11. h4 f6 12. gxf6 Bxf6 13. Bf2 a5 ({RR} 13... Be7 14. Kd2 Rf4 15. Qe1 a5 ({RR} 15... Bd7 16. b3 a5 17. Bf1 c6 18. Rb1 Rb8 19. Kc2 Rc8 20. Bh3 Nf6 21. Bxc5 dxc5 22. Qg3 Ng4 23. fxg4 Bxh4 24. Qd3 hxg4 25. dxc6 Bxc6 26. Qxd8+ Rxd8 27. Nge2 Bxe4+ 28. Nxe4 Rxe4 29. Bf1 g3 30. Rg1) 16. Nh3 Rxh4 17. Bxh4 Bxh4 18. Qg1 Qf6 19. Kc2 Kg7 20. Nf2 Bd7 21. Nd3 b6 22. Qh2 Bg5 23. Rag1 Nxd3 24. Bxd3 Rf8 25. Be2 Qf4 26. Qg2 Qf6 27. a3 Kh6 28. Qf2 {½-½ L'Ami,E (2634)-Amin,B (2693) Tata Steel-B 80th 2018 (2)}) ({RR} 13... Be7 14. Kd2 Rf4 15. Qe1 Bd7 16. Nh3 Rxh4 17. Bxh4 Bxh4 18. Qg1 Qf6 19. Kc2 Na4 20. Qg2 Nxc3 21. bxc3 Kg7 22. Raf1 Kg8 23. Ra1 Kg7 24. Raf1 Bxh3 25. Qxh3 Bg5 26. Qd7+ Qf7 27. Qb5 b6 28. c5 {0-1 Ortiz Verdezoto,A (2205)-Kaustuv,K (2419) 22nd Spilimbergo Open 2024 (8.10)}) 14. Qd2 Rf7 ({RR} 14... Be7 15. O-O-O Rf4 16. Bg3 Rf7 17. Rf1 Bf8 18. Nh3 Bxh3 19. Rxh3 Nf6 20. Rg1 Kh7 21. Bf2 Bh6 22. Be3 Bxe3 23. Qxe3 Qe7 24. Rhg3 Rg8 25. Rg5 Rgg7 26. Bf1 Ne8 27. Ne2 Qf6 28. R1g3 c6 29. Kb1 {0-1 Zhezhovska,M (1588)-Vujcic,M (1987) FRM-chT2 (Women) 2022 (1.1)}) 15. O-O-O a4 16. Kb1 $146 ({RR} 16. Kc2 Ra6 17. Qe1 Bd7 18. Nh3 Be7 19. Qg1 Rg7 20. Be3 Kh8 21. Ng5 Nxg5 22. hxg5 Kg8 23. Qg3 Bf8 24. Rdf1 Rf7 {½-½ Kishan,G (2078)-Jedlicka,A (2248) Litomysl op 20th 2019 (4)}) 16... Bd7 17. Qh6 Nf8 18. Qd2 Qb8 19. Nh3 Bxh3 20. Rxh3 Qa7 21. Be3 Qa5 22. Rg1 Kh7 23. Bd1 Qb4 24. Nb5 Qxd2 25. Bxd2 c6 26. Nc3 cxd5 27. cxd5 Bg7 28. Nb5 Rd7 29. Bb4 b6 30. Be2 Bh6 31. Nc3 Be3 32. Rd1 Bd4 33. Bb5 Rda7 34. Bc6 Bxc3 35. Bxc5 bxc5 36. Bxa8 Bxb2 37. Kxb2 Rxa8 38. Ka3 Nd7 39. Rb1 Ra7 40. Rh2 Kh6 41. Rg2 Ra6 42. Rgb2 c4 43. Rb4 Nc5 44. Rb6 Ra7 45. Rxd6 Rf7 46. Rbb6 Rxf3+ 47. Kb4 Nd3+ 48. Kxc4 Nf4 49. Rd7 Rh3 50. Rbb7 Rxh4 51. d6 Rh1 52. Rh7+ Kg5 53. Rbe7 Rd1 54. d7 Kf6 55. Rhf7+ Kg5 56. Rxe5+ Kg4 57. Rxf4+ Kxf4 58. Rd5 Rc1+ 59. Kd3 1-0

[Event "Olympiad Women 2024"]
[Site "Budapest HUN"]
[Date "2024.09.20"]
[Round "9.35"]
[Board "4"]
[White "Chang, Yolanda"]
[Black "Trajkovska, Sanja"]
[Result "0-1"]
[WhiteElo "1908"]
[BlackElo "1921"]
[PlyCount "82"]
[EventDate "2024.09.11"]
[WhiteTeam "New Zealand"]
[BlackTeam "North Macedonia"]
[WhiteTeamCountry "NZL"]

1. e4 {Mueller,Karsten} c5 2. Nf3 d6 3. d4 cxd4 4. Nxd4 Nf6 5. Nc3 a6 6. Bc4 e6 7. Bb3 Be7 8. g4 Nc6 ({RR} 8... d5) ({RR} 8... h6) 9. g5 Nxd4 10. Qxd4 Nh5 ({RR} 10... e5 11. Qd3 Nd7 12. Qg3 Nc5 13. Be3 Nxb3 14. axb3 Be6 15. f4 exf4 16. Bxf4 Qc7 17. O-O-O Rd8 18. h4) 11. Rg1 b5 ({RR} 11... O-O 12. Be3 b5 13. O-O-O) ({RR} 11... Qa5 12. Be3 Bd7 13. O-O-O Bc6 14. Kb1 Rc8 15. f4) 12. Be3 Bd7 13. O-O-O a5 14. a3 ({RR} 14. e5 a4 15. exd6 ({RR} 15. Bxe6 fxe6 16. exd6 Bf8) 15... axb3 ({RR} 15... Bf8 16. Nxb5 Bxb5 17. Bc4 Bc6 18. Be2) 16. dxe7 Qxe7) ({RR} 14. a4 bxa4 15. Bxa4 Rb8) 14... Rb8 15. a4 $146 ({RR} 15. e5 d5 16. Nxd5 exd5 17. Qxd5 Rf8 18. e6 ({RR} 18. Qe4 Qc8 19. Qxh7 Bf5 ({RR} 19... g6 20. Rxd7 Qxd7 21. e6 Qc6 22. Rd1) 20. g6 fxg6 21. Rxg6 Qc6 ({RR} 21... a4 22. Qxh5 axb3 23. Rxg7+ Rf7 24. Qxf7#)) 18... fxe6 ({RR} 18... Bxe6 19. Qf3 Qc8 20. Bxe6 Qxe6 21. Bc5) 19. Qe4 ({RR} 19. Qe5 Rf5 ({RR} 19... Rb6 20. Rxd7 Kxd7 ({RR} 20... Qxd7 21. Bxb6) 21. Rd1+ Rd6 22. Bxe6+ Kc6 23. Qc5+ Kb7 24. Rxd6 Qxd6 25. Qa7+ Kc6 26. Qb6#) ({RR} 19... Rb7 20. Bxe6 Qc8 21. Rxd7 Rxd7 22. Qxb5 Qb7 23. Qa4 Bd6 24. Rd1 Nf4 25. Bxd7+ Qxd7 26. Qxd7+ Kxd7 27. Bc5) ({RR} 19... Kf7 20. Rge1 Qc8 21. g6+ hxg6 22. Ba7 Rb7 23. Rxd7) 20. Qe4 e5 21. Qd5 ({RR} 21. Bg8 g6 22. Bxh7 Kf7 23. Qd5+ Kg7 24. Bxg6 Kxg6 25. Qxd7 Qxd7 26. Rxd7 Re8) 21... Qc7 ({RR} 21... Nf4 22. Bxf4 Rxf4 23. Qxe5 Rf5 24. Qxg7) ({RR} 21... Rf8 22. Qxe5 Rb7 ({RR} 22... Rc8 23. Be6 Rxc2+ 24. Kb1 Rc7 25. Rxd7 Rxd7 26. Qxb5) 23. g6 hxg6 24. Qe4) ({RR} 21... Qc8 22. Qg8+ Rf8 23. Qxh7 Nf4 24. Bxf4 Rxf4 ({RR} 24... Bf5 25. g6 a4 26. Bf7+ Rxf7 27. gxf7+ Kxf7 28. Rxg7+) 25. Qxg7) 22. Qg8+ Rf8 ({RR} 22... Bf8 23. Rxd7 Qxd7 24. Be6) 23. Qxh7 Nf4 24. Bxf4 Rxf4 25. Qxg7 Rxf2 26. Qh8+ Rf8 ({RR} 26... Bf8 27. Rgf1 Rxf1 28. Rxf1 Qc5 29. Rxf8+ Qxf8 30. Qxe5+) 27. Qh5+ Kd8 28. g6) 19... Qc7 20. Rxd7 ({RR} 20. Qxh7 Nf4 21. Rg4 Bd6 22. Qxg7 a4 23. Ba2 b4 24. axb4 Rxb4 25. Bxf4 Rbxf4) 20... Qxd7 21. Bxe6 Qc7 22. Rd1 g6 ({RR} 22... Rd8 23. Rxd8+ Bxd8 24. Bc4+ Qe7 25. Bxb5+ Kf7 26. Bc4+ Ke8 27. Qd5) ({RR} 22... b4 23. Bb3 Rd8 24. Ba4+ Kf7 25. Rxd8 Rxd8 ({RR} 25... Qxd8 26. Qxh7) 26. Qxh7 Bd6 27. Qxh5+ Ke7 28. g6) ({RR} 22... Rb7 23. Bd5 Rb6 24. Bxb6 Qxb6 25. Bc6+ Kf7 26. Qd5+ Kg6 27. Qe6+) ({RR} 22... Nf4 23. Bd7+ Qxd7 24. Rxd7 Ne2+ 25. Kd2 Kxd7 26. Kxe2) 23. a4 ({RR} 23. Bd7+ Qxd7 24. Rxd7 Kxd7 25. Qd5+ Kc7 26. Bd2 Rb7 27. Bxa5+ Kb8) 23... Rf4 24. Qd5 ({RR} 24. Bd7+ Kf8 25. Bxf4 Qxf4+ 26. Qxf4+ Nxf4) ({RR} 24. Bxf4 Qxf4+ 25. Qxf4 Nxf4 26. Bd7+ Kf7 27. Bxb5 Bxg5) 24... Rxa4 25. Kb1 Nf4 26. Qb3 Rb4 27. Qa2 Rd8 28. Re1 Ra4 29. Qb3 Nxe6 {0-1 Mueller,K (2558)-Kempinski,R (2533) Hamburg-ch int 1999 (8.1)}) 15... bxa4 16. Bxa4 O-O 17. Bxd7 Qxd7 18. f4 Rfc8 19. Rdf1 Rb4 20. Qa7 Qd8 21. Qa6 Rcb8 22. b3 Qc7 23. Qd3 Rc8 24. Kb2 Qc6 25. Ra1 Ra8 26. Ra4 Rxa4 27. Nxa4 d5 28. exd5 exd5 29. f5 Bd6 30. Rd1 Be5+ 31. Bd4 Nf4 32. Qe3 Bd6 33. Be5 Re8 34. Bxf4 Rxe3 35. Bxe3 Bxh2 36. c4 Be5+ 37. Kb1 d4 38. Nc3 Qb6 39. Bxd4 Bxd4 40. Nb5 Bc5 41. Re1 Qd8 0-1

[Event "Olympiad Women 2024"]
[Site "Budapest HUN"]
[Date "2024.09.20"]
[Round "9.36"]
[Board "1"]
[White "Samaganova, Aleksandra"]
[Black "Mihok-Juhasz, Barbara"]
[Result "1-0"]
[WhiteElo "1948"]
[BlackElo "2193"]
[PlyCount "113"]
[EventDate "2024.09.11"]
[WhiteTeam "Kyrgyzstan"]
[BlackTeam "Hungary B"]
[WhiteTeamCountry "KGZ"]

1. c4 e5 2. e3 Nf6 3. a3 g6 4. Qc2 Bg7 5. Nf3 d6 6. d3 O-O 7. Be2 Re8 $146 ({RR} 7... Qe7 8. Nbd2 c6 9. Rb1 a5 10. b4 axb4 11. axb4 d5 12. O-O Re8 13. Bb2 Nbd7 14. Rfc1 e4 15. dxe4 dxe4 16. Nd4 h5 17. Bc3 Nf8 18. Ra1 Bd7 19. Rxa8 Rxa8 20. Qb2 Bg4 21. Bf1 Rd8 22. Ra1 {1-0 Kabanova,E (2095)-Kovanova,B (2352) Wch Rapid (Women) 2018 (4)}) 8. Nbd2 c5 9. b4 Nc6 10. Rb1 b6 11. O-O Bb7 12. Rd1 Qc7 13. Qb3 Rad8 14. Bb2 h6 15. h3 Kh7 16. Rbc1 Nd7 17. Ne4 f5 18. Nc3 Nf6 19. Nd5 Qf7 20. Bf1 g5 21. e4 Nd4 22. Bxd4 exd4 23. Re1 Nh5 24. Nh2 Be5 25. Qd1 Nf4 26. g3 Nxd5 27. exd5 Bg7 28. Qd2 Bc8 29. Bg2 Bd7 30. b5 Bf6 31. a4 Rxe1+ 32. Rxe1 Re8 33. Ra1 Bd8 34. Re1 Kg7 35. Qd1 Re7 36. Bf3 Re5 37. Bg2 h5 38. Nf3 Rxe1+ 39. Qxe1 g4 40. Nh2 h4 41. Qe2 hxg3 42. fxg3 Bg5 43. Nf1 f4 44. hxg4 fxg3 45. Bf3 Qf4 46. Kg2 Qc1 47. Nxg3 Be3 48. Qf1 Qc2+ 49. Kh3 Kh6 50. Be2 Kg6 51. Qf8 Bh6 52. Qxd6+ Kh7 53. Qxd7+ Kh8 54. Qe8+ Kh7 55. Qe7+ Kh8 56. g5 Bg7 57. Nh5 1-0

[Event "Olympiad Women 2024"]
[Site "Budapest HUN"]
[Date "2024.09.20"]
[Round "9.36"]
[Board "2"]
[White "Karacsonyi, Kata"]
[Black "Zhanybekova, Begimay"]
[Result "1-0"]
[WhiteElo "2233"]
[BlackElo "1784"]
[PlyCount "85"]
[EventDate "2024.09.11"]
[WhiteTeam "Hungary B"]
[BlackTeam "Kyrgyzstan"]
[BlackTeamCountry "KGZ"]

1. e4 c5 2. Nf3 e6 3. d4 cxd4 4. Nxd4 Nc6 5. Nc3 Qc7 6. Be3 a6 7. a3 Nf6 8. f4 d6 9. Qf3 Be7 10. O-O-O O-O 11. Nxc6 Qxc6 ({RR} 11... bxc6 12. g4 Nd7 13. h4 d5 14. g5 Rb8 15. h5 Qa5 16. Nb1 Qc7 17. Nc3 Qa5 18. Bf2 Rd8 19. Nb1 Qc7 20. Nc3 Nf8 21. h6 g6 22. Bd4 Bd6 23. Rh4 Nd7 24. Bg7 Re8 25. Be2 Qb7 26. Na4 {½-½ rofChade 3.0 (3486)-Berserk dev10_20220912 (3509) TCEC 23 Premier 2022 (48.2)}) 12. g4 b5 13. Bd3 ({RR} 13. g5 Nd7 14. f5 Ne5 15. Qg3 Bd8 16. f6 Rb8 17. fxg7 Re8 18. Bf4 Bc7 19. h4 a5 20. h5 b4 21. Nb1 b3 22. Nc3 Ba6 23. Bxa6 bxc2 24. Rd2 Qxa6 25. g6 fxg6 26. Bxe5 dxe5 27. hxg6 h5 {1-0 Horak,M (2333)-Walter,S (2313) FISU World Uni Classical 2024 (8.4)}) 13... Nd7 $146 ({RR} 13... Bb7 14. Qh3 Rfd8 15. g5 Nd7 16. Rhg1 Bf8 17. Rg4 g6 18. Rh4 h5 19. gxh6 Kh7 20. Rg1 Nc5 21. f5 Nxd3+ 22. cxd3 exf5 23. exf5 d5 24. Qf3 Rd7 25. fxg6+ fxg6 26. Rf4 Qe6 27. Bd2 d4 28. Ne4 {1-0 Caputcuoglu,Z (2263)-Bicer,A (2343) Istanbul op 2022 (6)}) 14. Qh3 f5 15. exf5 exf5 16. Bxf5 Nf6 17. g5 Bxf5 18. Qxf5 Qd7 19. Qxd7 Nxd7 20. Ne4 Rae8 21. Rhe1 Nc5 22. Nxc5 dxc5 23. Rd5 c4 24. Bd2 Bd8 25. Rxe8 Rxe8 26. f5 Bc7 27. f6 gxf6 28. gxf6 Be5 29. Bg5 Bxh2 30. Rd7 Re1+ 31. Kd2 Rf1 32. Rg7+ Kf8 33. Rxh7 Be5 34. Ke2 Rf5 35. Bh6+ Ke8 36. Re7+ Kd8 37. Rf7 Bxf6 38. Rxf6 Rxf6 39. Bg5 Ke7 40. Ke3 Ke6 41. Bxf6 Kxf6 42. Kd4 Ke6 43. Ke4 1-0

[Event "Olympiad Women 2024"]
[Site "Budapest HUN"]
[Date "2024.09.20"]
[Round "9.36"]
[Board "3"]
[White "Sezdbekova, Aizhan"]
[Black "Demeter, Dorina"]
[Result "0-1"]
[WhiteElo "1799"]
[BlackElo "2199"]
[PlyCount "68"]
[EventDate "2024.09.11"]
[WhiteTeam "Kyrgyzstan"]
[BlackTeam "Hungary B"]
[WhiteTeamCountry "KGZ"]

1. e4 e5 2. Nf3 Nf6 3. Nxe5 d6 4. Nf3 Nxe4 5. d3 Nf6 6. d4 d5 7. c4 Bb4+ 8. Bd2 Bxd2+ 9. Nbxd2 ({RR} 9. Qxd2 Qe7+ 10. Qe3 Qxe3+ 11. fxe3 Nc6 12. a3 a5 13. Bd3 O-O 14. O-O Re8 15. cxd5 Nxd5 16. e4 Nf4 17. Bb5 Rxe4 18. Nc3 Re7 19. Nh4 Ng6 20. Nxg6 hxg6 21. d5 Nd4 22. Rad1 Nxb5 23. Nxb5 Bg4 {0-1 Kanagina,P-Michurova,M Ples Grani U13 Girls 2014 (6)}) 9... O-O 10. Be2 Nc6 11. c5 $146 ({RR} 11. O-O Re8 12. Re1 Bf5 13. a3 a5 14. Rc1 h6 15. c5 Ne4 16. Nf1 Rb8 17. Ne3 Be6 18. Bb5 f5 19. Rc2 f4 20. Nf1 Bg4 21. Bxc6 bxc6 22. h3 Bh5 23. N1h2 Qd7 24. Qc1 Qf5 25. Rce2 Nf6 {1-0 Schmid,H (2225)-Zoephel,H (2217) EU-chT Seniors 09th 2007 (7)}) 11... Bf5 12. O-O Ne4 13. Re1 Qf6 14. Nf1 Rad8 15. Ne3 Bg6 16. Qa4 Rfe8 17. Rad1 Qf4 18. Qb3 Ne7 19. g3 Qh6 20. Ng4 Qh3 21. Nh4 Bh5 22. f3 Nxg3 23. hxg3 Qxg3+ 24. Ng2 Nf5 25. f4 Qxb3 26. axb3 Rxe2 27. Rxe2 Bxg4 28. Kf2 Bxe2 29. Kxe2 Re8+ 30. Kd3 Re4 31. Kc3 Ne3 32. Nxe3 Rxe3+ 33. Rd3 Rxd3+ 34. Kxd3 h5 0-1